MARC

LEADER 00000nam^a2200000^a^4500
001 000184477
005 20250521000000.0
009 20260310102116.075
020 |a 92-843-3149-8 
037 |a Acervo ITESO - Biblioteca 
041 |a ESP 
082 |a 368. 4  |b SCH 
100 |a Scheil-Adlung, Xenia  |e (ed.) 
245 1 0 |a Construyendo la seguridad social :  |b el rol de la privatización /  |c Ed. de X. Scheil-Adlung ; pref. de Dalmer D. Hoskins. 
264 4 |a Ginebra, Suiza :  |b Asociación Internacional de la Seguridad Social,  |c 2001, c2001 
300 |a XII, 329 p. 
336 |a texto  |b txt  |2 rdacontenido 
337 |a sin mediación  |b n  |2 rdamedio 
338 |a volumen  |b nc  |2 rdasoporte 
649 |a XX 
650 |a Organizaciones Internacionales -  |x Informes 
650 |a Seguro contra Desempleo -  |z EUA 
650 |a Seguro contra Todo Riesgo -  |z Nueva Zelanda 
650 |a Jubilaciones y Pensiones -  |x Tema Principal 
650 |a Riesgos y Accidentes Laborales -  |z Alemania 
650 |a Servicios Médicos y de Salud -  |z Países Subdesarrollados 
650 |a Seguridad Social -  |x Informes 
650 |a Seguridad Social -  |x Administración -  |x Tema Principal 
650 |a Salud Pública -  |x Aspectos Económicos 
650 |a Programas Sociales -  |x Aspectos Económicos 
650 |a Privatización -  |x Tema Principal 
650 |a Recursos Humanos 
650 |a Derecho Laboral 
650 |a Derecho a la Salud 
650 |a Derecho Social 
650 |a Sociología de la Medicina 
650 |a Capitalismo 
650 |a Política y Salud Pública -  |x Aspectos Económicos 
650 |a Política Económica 
650 |a Economía 
650 |a Salud Pública 
910 |a Fondo General 
920 |a Impresos - Libros 
930 |a Colección General 
905 |a 101 
901 |a 0500125311  |b IT1  |c ACC  |u 20250521 
902 |a https://opac.biblio.iteso.mx/vufind/Record/000184477